Financial Accounting: Principles and Practices (Record no. 832548)

MARC details
000 -LEADER
fixed length control field 00379pam a2200145 a 4500
020 ## - INTERNATIONAL STANDARD BOOK NUMBER
Terms of availability
041 ## - LANGUAGE CODE
Language code of original
082 ## - DEWEY DECIMAL CLASSIFICATION NUMBER
Classification number 657.48
100 ## - MAIN ENTRY--PERSONAL NAME
Personal name LAL (Jawahar)/ SRIVASTAVA (Seema)
Relator term author
245 ## - TITLE STATEMENT
Title Financial Accounting: Principles and Practices
Medium Textual Document
250 ## - EDITION STATEMENT
Edition statement 2nd Rev.
260 ## - PUBLICATION, DISTRIBUTION, ETC.
Name of publisher, distributor, etc. S.Chand and Company Ltd. New Delhi
Date of publication, distribution, etc. 2010
300 ## - PHYSICAL DESCRIPTION
Extent Misc.
930 ## - EQUIVALENCE OR CROSS-REFERENCE-UNIFORM TITLE HEADING [LOCAL, CANADA]
Uniform title 3442
Holdings
Withdrawn status Lost status Damaged status Not for loan Collection Home library Current library Date acquired Source of acquisition Cost, normal purchase price Total Checkouts Full call number Barcode Date last seen Date last checked out Copy number Price effective from Koha item type
          Institute of Management & Research, New Delhi Institute of Management & Research, New Delhi 31/07/2010 Global Educational Books 288.00 1 657.48 IMD-26PB0014608 18/09/2024 16/09/2024 3 17/08/2023 Book
          Institute of Management & Research, New Delhi Institute of Management & Research, New Delhi 31/07/2010 Global Educational Books 288.00   657.48 IMD-26PB0014607 17/08/2023   2 17/08/2023 Book
          Institute of Management & Research, New Delhi Institute of Management & Research, New Delhi 31/07/2010 Global Educational Books 288.00   657.48 IMD-26PB0014606 17/08/2023   1 17/08/2023 Book